Southville International School and Colleges
Your cart is empty.
  • Cart
  • Lists
    Public lists Eva Luna New books Lux_list list_1
    Your lists Log in to create your own lists
  • Log in to your account
  • Your cookies
  • Search history
Southville International School and Colleges
  • Advanced search
  • Recent comments
  • Most popular
  • Libraries

Log in to your account

Log in with GOOGLE


If you do not have an external account, but do have a local account, you can still log in:

  1. Home
  2. MARC view: Think and grow rich /
Normal view MARC view ISBD view

Think and grow rich / (Record no. 368292)

[ view plain ]
MARC details
000 -LEADER
fixed length control field 01164nam a22002777a 4500
003 - CONTROL NUMBER IDENTIFIER
control field 0
005 - DATE AND TIME OF LATEST TRANSACTION
control field 20251020144618.0
008 - FIXED-LENGTH DATA ELEMENTS--GENERAL INFORMATION
fixed length control field 251020b xxu||||| |||| 00| 0 eng d
020 ## - INTERNATIONAL STANDARD BOOK NUMBER
International Standard Book Number 978-1-58542-433-7
050 ## - LIBRARY OF CONGRESS CALL NUMBER
Classification number HF 5386
Item number .H57 2005
100 ## - MAIN ENTRY--PERSONAL NAME
Personal name Hill, Napoleon,
Dates associated with a name 1883-1970,
Relator term author.
245 ## - TITLE STATEMENT
Title Think and grow rich /
Statement of responsibility, etc Napoleon Hill ; revised and expanded by Arthur R. Pell.
250 ## - EDITION STATEMENT
Edition statement Revised and expanded edition.
260 ## - PUBLICATION, DISTRIBUTION, ETC. (IMPRINT)
Place of publication, distribution, etc New York :
Name of publisher, distributor, etc Jeremy P. Tarcher/Penguin,
Date of publication, distribution, etc 2005.
300 ## - PHYSICAL DESCRIPTION
Extent xv, 302 pages ;
Dimensions 18 cm.
500 ## - GENERAL NOTE
General note "Revised and expanded by Arthur R. Pell, Ph.D., incorporating contemporary examples and insights."
504 ## - BIBLIOGRAPHY, ETC. NOTE
Bibliography, etc Includes bibliographical references
520 ## - SUMMARY, ETC.
Summary, etc A modernized edition of Napoleon Hill’s classic work on personal achievement, incorporating contemporary examples and commentary by Arthur R. Pell.<br/>
650 ## - SUBJECT ADDED ENTRY--TOPICAL TERM
Topical term or geographic name as entry element Success
General subdivision Psychological aspects.
650 ## - SUBJECT ADDED ENTRY--TOPICAL TERM
Topical term or geographic name as entry element Achievement
General subdivision Psychological aspects.
650 ## - SUBJECT ADDED ENTRY--TOPICAL TERM
Topical term or geographic name as entry element Self-actualization (Psychology).
650 ## - SUBJECT ADDED ENTRY--TOPICAL TERM
Topical term or geographic name as entry element Self-help techniques.
700 ## - ADDED ENTRY--PERSONAL NAME
Personal name Pell, Arthur R.,
Relator term editor.
710 ## - ADDED ENTRY--CORPORATE NAME
Corporate name or jurisdiction name as entry element Jeremy P. Tarcher/Penguin,
Relator term publisher.
942 ## - ADDED ENTRY ELEMENTS (KOHA)
Source of classification or shelving scheme Library of Congress Classification
Koha item type Books
Holdings
Withdrawn status Lost status Source of classification or shelving scheme Damaged status Home library Current library Shelving location Date acquired Source of acquisition Sub Shelving location Total Checkouts Full call number Barcode Date last seen Date checked out Price effective from Koha item type
    Library of Congress Classification   Luxembourg Library Luxembourg Library High School Section 11/19/2024 Library Fund   1 HF 5386 .H57 2005 21383 11/20/2025 11/03/2025 10/20/2025 Books

Think and grow rich /

APA

Hill N., Pell A. R. & Jeremy P. Tarcher/Penguin. (2005). Think and grow rich. New York: Jeremy P. Tarcher/Penguin.

Chicago

Hill Napoleon, Pell Arthur R and Jeremy P. Tarcher/Penguin. 2005. Think and grow rich. New York: Jeremy P. Tarcher/Penguin.

Harvard

Hill N., Pell A. R. and Jeremy P. Tarcher/Penguin. (2005). Think and grow rich. New York: Jeremy P. Tarcher/Penguin.

MLA

Hill Napoleon, Pell Arthur R and Jeremy P. Tarcher/Penguin. Think and grow rich. New York: Jeremy P. Tarcher/Penguin. 2005.

  • Place hold
  • Print
  • Cite
  • Add to your cart (remove)
  • Save record
    BIBTEX Dublin Core MARCXML MARC (non-Unicode/MARC-8) MARC (Unicode/UTF-8) MARC (Unicode/UTF-8, Standard) MODS (XML) RIS
  • More searches
    Search for this title in:
    Other Libraries (WorldCat) Other Databases (Google Scholar) Online Stores (Bookfinder.com) Open Library (openlibrary.org)

Exporting to Dublin Core...

SOUTHVILLE LIBRARY

Southville International School and Colleges Library

1281 Tropical Ave. Cor. Luxembourg St., BF Homes International, Las Pinas City

Tel. No. 8256374 / 252358 Loc. 117/146

Powered by Koha